|
|
|
|
| LEADER |
00000nam a2200000 a 4500 |
| 001 |
vtls001374784 |
| 003 |
SK-MaSNL |
| 005 |
20260301201358.0 |
| 008 |
251124s1998 RU ra 0 rus |
| 020 |
|
|
|a 5020094986
|c [100,00]
|
| 035 |
|
|
|a SNK000328675
|
| 040 |
|
|
|a SNK
|b slo
|c SNK
|e AACR2
|
| 044 |
|
|
|a RU
|
| 080 |
|
|
|a 882-31
|2 1981
|
| 080 |
|
|
|a 882-31 Sacharov, A.N.=82
|2 1981
|
| 080 |
|
|
|a 929 Aleksander I. (cár ruský)
|2 1981
|
| 100 |
1 |
|
|a Sacharov, Andrej Nikolajevič,
|d 1930-2019
|4 aut
|9 234883
|
| 245 |
1 |
0 |
|a Aleksandr I
|c A.N. Sacharov
|
| 260 |
|
|
|a Moskva
|b Nauka
|c 1998
|
| 300 |
|
|
|a 285 s.
|c 17 cm
|
| 600 |
0 |
|
|a Alexander
|b I.,
|c ruský cár,
|d 1777-1825
|2 SNK
|9 170110
|
| 650 |
0 |
7 |
|a romány historické ruské
|2 SNK
|9 294282
|
| 650 |
0 |
7 |
|a literatúra ruská
|x romány historické
|2 SNK
|9 387510
|
| 651 |
|
7 |
|a Rusko
|2 SNK
|9 17250
|
| 919 |
|
|
|a 5-02-009498-6
|
| 999 |
|
|
|c 894549
|d 896479
|
| 952 |
|
|
|t P60, <04>, [BOOK], {604}
|a SNK
|b SNK
|y VYP
|7 0
|p 17A0214947
|o snkID 96550
|i snkV 1699/99
|0 0
|1 0
|4 0
|d 1999-12-09
|l 0
|r 2005-01-02 00:00:00
|w 2026-02-24
|